| 000 | 00513nam a22001817a 4500 | ||
|---|---|---|---|
| 008 | 150601b xxu||||| |||| 00| 0 eng d | ||
| 020 | _a0910251835 | ||
| 041 | 0 | _aeng | |
| 080 | _a658 JOR | ||
| 100 | 1 | _aJordan, Debra Jean, | |
| 245 | 1 | 0 |
_aLeadership in leisure services : _cDebra J. Jordan. |
| 260 |
_aState College, PA : _bVenture Pub., _cc1996. |
||
| 300 |
_a504 f. : _bme il.; _c24 cm. |
||
| 505 | _aIndex :f. 497-504 | ||
| 650 | 0 | _aUdhëheqje | |
| 650 | 0 | _aOrganizim | |
| 942 |
_2udc _cBK |
||
| 999 |
_c931 _d931 |
||